Improving AGOA : toward a new framework for U.S. - Africa commercial engagement (Record no. 76437)

MARC details
000 -LEADER
fixed length control field 01145nam a2200205 a 4500
008 - FIXED-LENGTH DATA ELEMENTS--GENERAL INFORMATION
fixed length control field 130730s2011 ||||||||||||||||| || u
050 ## - LIBRARY OF CONGRESS CALL NUMBER
Classification number AGOA(02)2011/1
110 ## - MAIN ENTRY--CORPORATE NAME
Corporate name or jurisdiction name as entry element Common Market for Eastern and Southern Africa (COMESA)
245 10 - TITLE STATEMENT
Title Improving AGOA : toward a new framework for U.S. - Africa commercial engagement
Statement of responsibility, etc. by Common Market for Eastern and Southern Africa [COMESA]
260 ## - PUBLICATION, DISTRIBUTION, ETC.
Place of publication, distribution, etc. Lusaka:
Name of publisher, distributor, etc. Common Market for Eastern and Southern Africa (COMESA)
Date of publication, distribution, etc. 2011
300 ## - PHYSICAL DESCRIPTION
Extent iii, 40 pages : illustrations
362 1# -
-- <p>May 2011</p>
500 ## - GENERAL NOTE
General note Bibliography
650 ## - SUBJECT ADDED ENTRY--TOPICAL TERM
Topical term or geographic name entry element AFRICAN GROWTH AND OPPORTUNITY ACT (AGOA)
650 ## - SUBJECT ADDED ENTRY--TOPICAL TERM
Topical term or geographic name entry element UNITED STATES-AFRICA TRADE RELATIONS--IMPORT AND EXPORT
650 ## - SUBJECT ADDED ENTRY--TOPICAL TERM
Topical term or geographic name entry element AFRICA--COMMERCE
995 ## -
-- SPECIAL COLLECTIONS
-- 4362
-- CBU-MAIN LIBRARY (Kitwe)
-- AGOA(02)2011/1C
-- 3
-- AVAILABLE
-- Mar 4, 2021
-- B4362
-- Zambiana Collection
995 ## -
-- SPECIAL COLLECTIONS
-- 863
-- CBU-MAIN LIBRARY (Kitwe)
-- AGOA(02)2011/1
-- 1
-- AVAILABLE
-- Aug 6, 2013
-- B863
-- International Publications
995 ## -
-- SPECIAL COLLECTIONS
-- 4361
-- CBU-MAIN LIBRARY (Kitwe)
-- AGOA(02)2011/1B
-- 2
-- AVAILABLE
-- Mar 4, 2021
-- B4361
-- Zambiana Collection
999 ## -
-- 76437
-- 76437
Holdings
Withdrawn status Lost status Source of classification or shelving scheme Damaged status Not for loan Permanent Location Current Location Shelving location Date acquired Total Checkouts Full call number Barcode Date last seen Copy number Price effective from Koha item type
          CBU-MAIN LIBRARY, KITWE. CBU-MAIN LIBRARY, KITWE.   04/25/2023   AGOA(02)2011/1 B4362 04/25/2023 1 04/25/2023 SPECIAL COLLECTION
          CBU-MAIN LIBRARY, KITWE. CBU-MAIN LIBRARY, KITWE.   04/25/2023   AGOA(02)2011/1 B863 04/25/2023 2 04/25/2023 SPECIAL COLLECTION
          CBU-MAIN LIBRARY, KITWE. CBU-MAIN LIBRARY, KITWE.   04/25/2023   AGOA(02)2011/1 B4361 04/25/2023 3 04/25/2023 SPECIAL COLLECTION